| 000 | 00962nam a22002417a 4500 | ||
|---|---|---|---|
| 003 | DO-SdBNP | ||
| 005 | 20220603130624.0 | ||
| 007 | ta | ||
| 008 | 110301s2020 dr ac 000 0 spa d | ||
| 020 | _a9789945626001 | ||
| 040 |
_aDO-SdBNP _bspa _cBNPHU |
||
| 082 | 4 |
_axxxx _bC957i |
|
| 100 | 1 |
_aCruz Fabián, Carlos de la _953018 _d1952- |
|
| 245 | 1 | 0 |
_aImpacto de la comunicación : _ben el fortalecimiento de la convivencia familiar / _cCarlos de la Cruz Fabián ; prólogo Leoncio Peguero |
| 260 |
_aSanto Domingo : _bVérite editorial, _c2020. |
||
| 300 |
_a81 p. : _bil., retr. _c22 cm. |
||
| 500 | _aIncluye datos biográficos del autor en la solapa de la portada y en la página 77. | ||
| 500 | _aUna obra que busca revalorizar la integridad y unión familiar en medio de la incertidumbre y el desprecio al valor humano. | ||
| 590 | _aInventariado, 2022/ YL | ||
| 700 | 1 | 2 |
_aPeguero, Leoncio _eprol. _981778 |
| 910 | _aYLockward | ||
| 942 |
_2ddc _cLBS1 |
||
| 999 |
_c51926 _d51926 |
||